Fiction by Major Characters Click Quiz - B - Statistics

General Stats
  • This quiz has been taken 235 times
  • The average score is 17 of 26
Answer Stats
Hint Answer % Correct
Bugs Bunny Looney Tunes
95%
Buzz Lightyear Toy Story
95%
Belle Beauty and the Beast
90%
Bob the Minion Despicable Me 2
89%
Baloo The Jungle Book
87%
Bilbo Baggins The Hobbit
86%
Boba Fett Star Wars
84%
Bowser Super Mario Brothers
80%
Bellatrix Lestrange Harry Potter
77%
Bella Swan Twilight
77%
“Big Brother” 1984
75%
Bane Batman
68%
Biff Tannen Back to the Future
65%
Barney Rubble The Flintstones
65%
Buddy Elf
64%
Bob Cratchit A Christmas Carol
59%
Barney Stinson How I Met Your Mother
58%
Frances “Baby” Houseman Dirty Dancing
54%
Buffalo Bill Silence of the Lambs
50%
Barney Gumble The Simpsons
45%
The Bandersnatch Through the Looking Glass
41%
Beatrix Kiddo Kill Bill
38%
Buster Bluth Arrested Development
37%
Silent Bob Clerks
36%
Barney Fife The Andy Griffith Show
33%
Dr. Bunsen Honeydew The Muppets
29%
No matching quizzes found
Score Distribution
Percent of People with Each Score
Percentile by Number Answered
Your Score History
You have not taken this quiz